000 00889nas a2200277 4500
001 BR2014003673
003 BR-BrBNA
005 20231205124130.0
007 ta
008 230509b bl.|||p| |||| 00| 00por d
040 _aBR-BrBNA
_bpor
_cBiblioteca Nacional de Agricultura
041 _a(Pt)
072 _aM12
100 1 _aNarváez-Solarte, W.V.
100 1 _aPezzato, A.C.
100 1 _aPezzato, L.E.
100 1 _aBarros, M.M.
100 1 _aPolycarpo, G. do V.
245 1 _aDesempenho da tilápia-do-Nilo arraçoada com dietas contendo farinha de sangue bovino atomizado ou convencional
650 _aTILÁPIA NILÓTICA
650 _aAMINOÁCIDO
650 _aPROTEÍNA
773 0 _tActa Scientiarum. Animal Sciences (Brazil)
_xISSN 1806-2636
_g(Jul-Sep 2011), v. 33(3) p. 295-300
_wBR2014003673
909 _a202311
_bLúcia
_c55
_dLúcia Elande
942 _2AGRIS
_n0
_cANA
999 _c237459
_d237459